Los 10 primeros números primos en 15 segundos - Estadísticas

Estadísticas generales
  • Esta prueba ha sido intentada 56 veces
  • La puntuación promedio es 8 de 10
Estadísticas de respuestas
Número % Correcto
3
100%
5
95%
2
93%
7
93%
11
89%
13
89%
17
77%
23
64%
19
52%
29
34%
No se encontraron pruebas coincidentes
Distribución de puntuación
Porcentaje de gente con cada puntuación
Porcentaje por número respondido
Historial de tus puntuaciones
No has intentado esta prueba.